[Event "only 10 leisure players under 2000 "]
[Site "SchemingMind.com"]
[Date "2018.06.13"]
[Round "-"]
[White "Wojtek26"]
[Black "DiogoValente"]
[Result "0-1"]
[WhiteCountry "POL"]
[BlackCountry "POR"]
[WhiteElo "1621"]
[WhiteRD "66"]
[BlackElo "1905"]
[BlackRD "129"]
[GameID "429278"]

1. d4 Nf6 2. e3 d5 3. c4 c6 4. Nf3 Bf5 5. Be2 e6 6. O-O Nbd7 7. h3 Ne4 8. Nbd2 Bd6 9. c5 Bc7 10. Nxe4 dxe4
11. Nd2 Qh4 12. f3 Qg3 13. f4 Qxe3+ 14. Kh1 Qxd4 15. Nb3 Qxd1 16. Rxd1 Bg6 17. Be3 Nf6 18. Rd2 Nd5 19. Rxd5 cxd5 20. Bd4 Bxf4
21. Bxg7 Rg8 22. Bf6 e3 23. Rf1 e5 24. Bb5+ Kf8 25. Nc1 Be4 26. Ne2 Bxg2+ 27. Kg1 Bf3+
0-1

[Event "only 10 leisure players under 2000 "]
[Site "SchemingMind.com"]
[Date "2018.06.14"]
[Round "-"]
[White "DiogoValente"]
[Black "Wojtek26"]
[Result "1-0"]
[WhiteCountry "POR"]
[BlackCountry "POL"]
[WhiteElo "1920"]
[WhiteRD "128"]
[BlackElo "1628"]
[BlackRD "61"]
[GameID "429279"]

1. d4 d5 2. c4 e6 3. Nc3 Nf6 4. Nf3 Bb4 5. Bg5 h6 6. Bxf6 Qxf6 7. Qa4+ Nc6 8. e3 Bxc3+ 9. bxc3 Bd7 10. cxd5 exd5
11. Qa3 Qe7 12. Qxe7+ Nxe7 13. c4 dxc4 14. Bxc4 O-O 15. Ne5 Bf5 16. Ke2 Rad8 17. a4 a6 18. g4 Be6 19. Bxe6 fxe6 20. Rhc1 c6
21. Rab1 b5 22. Nxc6 Nxc6 23. Rxc6 bxa4 24. Rxe6 Rfe8 25. Rxe8+ Rxe8 26. Ra1 Rb8 27. Rxa4 Rb2+ 28. Kf3 Rb6 29. e4 Rf6+ 30. Ke3 Kf7
31. e5 Re6 32. f4 g6 33. d5 Rb6 34. d6 Ke6 35. Ke4 Rc6 36. f5+ gxf5+ 37. gxf5+ Kf7 38. e6+ Ke8 39. d7+
1-0

[Event "only 10 leisure players under 2000 "]
[Site "SchemingMind.com"]
[Date "2018.06.22"]
[Round "-"]
[White "aliwood"]
[Black "Iucounu"]
[Result "0-1"]
[WhiteCountry "ENG"]
[BlackCountry "ENG"]
[WhiteElo "1206"]
[WhiteRD "57"]
[BlackElo "1576"]
[BlackRD "76"]
[GameID "429447"]

1. Nf3 Nf6 2. c4 g6 3. d4 Bg7 4. e3 d6 5. Be2 O-O 6. O-O Re8 7. Nc3 Nbd7 8. Rb1 b6 9. b3 Bb7 10. Bb2 e6
11. Bd3 c5 12. dxc5 Nxc5
0-1

[Event "only 10 leisure players under 2000 "]
[Site "SchemingMind.com"]
[Date "2018.06.22"]
[Round "-"]
[White "Iucounu"]
[Black "aliwood"]
[Result "1-0"]
[WhiteCountry "ENG"]
[BlackCountry "ENG"]
[WhiteElo "1576"]
[WhiteRD "76"]
[BlackElo "1206"]
[BlackRD "57"]
[GameID "429448"]

1. d4 d5 2. c4 e6 3. Nc3 Nf6 4. Nf3 Be7 5. Bg5 O-O 6. e3 c5 7. cxd5 exd5 8. dxc5 Nc6 9. Bxf6 Bxf6 10. Qa4 Re8
11. Bb5 Bd7 12. O-O a6 13. Bd3
1-0

[Event "only 10 leisure players under 2000 "]
[Site "SchemingMind.com"]
[Date "2018.06.18"]
[Round "-"]
[White "Scooter"]
[Black "Iucounu"]
[Result "1-0"]
[WhiteCountry "USA"]
[BlackCountry "ENG"]
[WhiteElo "1704"]
[WhiteRD "73"]
[BlackElo "1576"]
[BlackRD "76"]
[GameID "429449"]

1. d4 Nf6 2. Nf3 d5 3. Bf4 Bf5 4. e3 e6 5. Bd3 Bd6 6. Bxd6 Qxd6 7. c3 O-O 8. Bxf5 exf5 9. O-O Nbd7 10. Nbd2 Ne4
11. Qc2 c6 12. c4 Rfc8 13. c5 Qe7 14. Nxe4 fxe4 15. Nd2 b5 16. a4 a6 17. axb5 axb5 18. b4 Qe8 19. Nb3 Rxa1 20. Rxa1 Ra8
21. Qb2 Ra4 22. Rxa4 bxa4 23. Na5 Qa8 24. Qa3 Nb8 25. Qxa4 Qa6 26. g3 f5 27. Qa1 g6 28. Nb3 Kf7 29. Kg2 Qxa1 30. Nxa1 Ke7
31. Nc2 Na6 32. h3 g5 33. f4 h6 34. g4 Kf6 35. Kg3 Ke6 36. h4 Kf6 37. hxg5+ hxg5 38. fxg5+ Kxg5 39. gxf5 Kxf5 40. Kh4 Nc7
41. Na3 Ne6 42. b5 Nd8 43. b6 Ke6 44. Kg5 Nb7 45. Nc2 Kd7 46. Kf6 Nd8 47. Na1 Nb7 48. Nb3 Kc8 49. Ke7 Nd8 50. Na5
1-0

[Event "only 10 leisure players under 2000 "]
[Site "SchemingMind.com"]
[Date "2018.06.18"]
[Round "-"]
[White "Iucounu"]
[Black "Scooter"]
[Result "1/2-1/2"]
[WhiteCountry "ENG"]
[BlackCountry "USA"]
[WhiteElo "1552"]
[WhiteRD "78"]
[BlackElo "1727"]
[BlackRD "71"]
[GameID "429450"]

1. d4 d5 2. c4 c6 3. Nc3 Bf5 4. Nf3 e6 5. e3 Bb4 6. Bd3 Bxd3 7. Qxd3 Nf6 8. O-O O-O 9. Bd2 Bxc3 10. Bxc3 Nbd7
11. c5 Ne4 12. Nd2 Ndf6 13. Nxe4 Nxe4 14. f3 Nxc3 15. Qxc3 Re8 16. b4 b6 17. a4 bxc5 18. Qxc5 Qb6 19. Qxb6 axb6 20. a5 bxa5
21. Rxa5 Kf8 22. Rfa1 Rxa5 23. Rxa5 Rb8 24. Rc5 Rxb4 25. Rxc6 Ke7 26. Rc3 h5 27. h4 Kf6 28. Kh2 Rc4 29. Rd3 g5 30. Kh3 Kg6
31. g4 hxg4+ 32. Kxg4 f5+ 33. Kh3 gxh4 34. Kxh4 Rc1 35. f4 Rg1 36. Rd2 Kf7=
1/2-1/2

[Event "only 10 leisure players under 2000 "]
[Site "SchemingMind.com"]
[Date "2018.06.17"]
[Round "-"]
[White "ray winteringham"]
[Black "Iucounu"]
[Result "1-0"]
[WhiteCountry "ENG"]
[BlackCountry "ENG"]
[WhiteElo "1524"]
[WhiteRD "54"]
[BlackElo "1552"]
[BlackRD "78"]
[GameID "429453"]

1. e4 e6 2. d4 d5 3. e5 c5 4. c3 Nc6 5. Bb5 Bd7 6. Bxc6 Bxc6 7. Nf3 Ne7 8. dxc5 Ng6 9. Be3 h6 10. O-O Qc7
11. Bd4 Be7 12. Nbd2 O-O 13. b4 b6 14. cxb6 axb6 15. a4 Qb8 16. b5 Bd7 17. g3 Qb7 18. Qc2 Bc5 19. Nb3 Bxd4 20. cxd4 Rac8
21. Qd3 Rc4 22. Nbd2 Rc7 23. Rfc1 Rxc1+ 24. Rxc1 Rc8 25. Rxc8+ Qxc8 26. Nb3 Qc4 27. Qxc4 dxc4 28. Nc1 f6 29. Nd2 fxe5 30. Nxc4 exd4
31. Nxb6 Be8 32. Nc4 e5 33. b6 Bc6 34. a5 Bb7 35. Nd3 Kf7 36. Ndxe5+ Nxe5 37. Nxe5+ Ke6 38. Nd3 Kd5 39. a6 Kc6 40. axb7 Kxb7
41. Kg2 Kxb6 42. Kf3 Kb5 43. Ke4 Kc4 44. f4
1-0

[Event "only 10 leisure players under 2000 "]
[Site "SchemingMind.com"]
[Date "2018.06.18"]
[Round "-"]
[White "Iucounu"]
[Black "ray winteringham"]
[Result "0-1"]
[WhiteCountry "ENG"]
[BlackCountry "ENG"]
[WhiteElo "1552"]
[WhiteRD "78"]
[BlackElo "1524"]
[BlackRD "54"]
[GameID "429454"]

1. d4 d5 2. c4 e6 3. Nf3 h6 4. Nc3 Nf6 5. e3 Bb4 6. g3 Bd7 7. a3 Bxc3+ 8. bxc3 c6 9. c5 b5 10. a4 Qa5
11. Bb2 b4 12. Qb3 Na6 13. Bxa6 bxc3 14. Bxc3 Qxa6 15. Rb1 O-O 16. a5 Ne4 17. Ra1 Rab8 18. Qc2 Qc4 19. Rc1 Qxc3+ 20. Qxc3 Nxc3
21. Ra1 Rb1+ 22. Rxb1 Nxb1 23. O-O Rb8 24. Rd1 Nc3 25. Ra1 Rb1+ 26. Rxb1 Nxb1 27. Ne5 Be8 28. Kf1 Nd2+ 29. Ke2 Nb3 30. a6 f6
31. Nd3 Bd7 32. Nb4 g5 33. Kd1 Na5 34. Ke2 e5 35. Kd3 e4+ 36. Kc3 Bc8 37. Kb2 Kf7 38. Ka3 Bd7 39. Nc2 g4 40. Nb4 Nc4+
41. Ka4 Nd2 42. Na2 Nf3 43. Nc3 Nxh2 44. Nd1 Nf3 45. Kb4 Bc8 46. Ka5 Nd2
0-1

[Event "only 10 leisure players under 2000 "]
[Site "SchemingMind.com"]
[Date "2018.06.22"]
[Round "-"]
[White "Iucounu"]
[Black "DANDYLIONHONEYBADGER"]
[Result "1-0"]
[WhiteCountry "ENG"]
[BlackCountry "USA"]
[WhiteElo "1661"]
[WhiteRD "72"]
[BlackElo "1372"]
[BlackRD "71"]
[GameID "429455"]

1. d4 Nf6 2. c4 d5 3. Nf3 dxc4 4. e3 c6 5. Bxc4 b5 6. Be2 e6 7. a4 Bb4+ 8. Bd2 Bxd2+ 9. Nbxd2 a6 10. axb5 cxb5
11. O-O O-O 12. b4 Bb7 13. Qc2 Nd5 14. Qb2 Nc6 15. Rfc1 Ndxb4 16. Ne5 Nxe5 17. Qxb4 Nc6 18. Qb2 Qf6 19. Bf3 Rfc8 20. Ne4 e5
21. Nxf6+ gxf6 22. dxe5 fxe5 23. Bxc6 Bxc6 24. Qxe5 b4 25. Rc5 b3 26. Qc3 Rab8 27. Rxc6 b2 28. Rxc8+ Rxc8 29. Qxc8+ Kg7 30. Qc3+
1-0

[Event "only 10 leisure players under 2000 "]
[Site "SchemingMind.com"]
[Date "2018.06.22"]
[Round "-"]
[White "DANDYLIONHONEYBADGER"]
[Black "Iucounu"]
[Result "0-1"]
[WhiteCountry "USA"]
[BlackCountry "ENG"]
[WhiteElo "1389"]
[WhiteRD "78"]
[BlackElo "1684"]
[BlackRD "70"]
[GameID "429456"]

1. e4 e6 2. Nc3 d5 3. f3 d4 4. Nce2 e5 5. c3 d3 6. Ng3 c6 7. c4 Be6 8. Qb3 b6 9. Qxd3 Qxd3 10. Bxd3 Bc5
11. N1e2 Nf6 12. Nf5 O-O 13. f4 Bxf5 14. exf5 exf4 15. Nxf4 Re8+ 16. Ne2 Nh5 17. g3 g6 18. fxg6 fxg6 19. a3 Ng7 20. b4 Bd4
21. Ra2 c5 22. bxc5 bxc5 23. Bb2 Nf5 24. Bxd4 Nxd4 25. Rb2 Nbc6 26. Kf2 Nxe2 27. Bxe2 Re7 28. d3 Rf8+ 29. Kg2 Nd4 30. Bd1 Kg7
31. Kh3 Rff7 32. Rg1 Nf3 33. Bxf3 Rxf3 34. Rb5 Rxd3 35. a4 Rc7 36. a5 Rc3 37. Rgb1 Rxc4 38. Rb7 Rxb7 39. Rxb7+ Kh6 40. Rxa7 Ra4
41. a6 c4 42. Rc7 Rxa6 43. Rxc4 Kg5 44. Rh4 h5 45. g4 Ra3+
0-1

[Event "only 10 leisure players under 2000 "]
[Site "SchemingMind.com"]
[Date "2018.06.18"]
[Round "-"]
[White "Iucounu"]
[Black "Wojtek26"]
[Result "1/2-1/2"]
[WhiteCountry "ENG"]
[BlackCountry "POL"]
[WhiteElo "1600"]
[WhiteRD "79"]
[BlackElo "1633"]
[BlackRD "63"]
[GameID "429457"]

1. d4 d5 2. c4 e6 3. Nc3 Nf6 4. Nf3 Bb4 5. Bd2 O-O 6. e3 c5 7. a3 Bxc3 8. Bxc3 cxd4 9. Nxd4 Bd7 10. cxd5 Nxd5
11. Qb3 Qc7 12. Rc1 Nc6 13. Nxc6 Bxc6 14. Bd2 Qe7 15. Bb5 Bxb5 16. Qxb5 b6 17. O-O Rfc8 18. Rxc8+ Rxc8 19. Rc1 Rxc1+ 20. Bxc1 Kf8=
1/2-1/2

[Event "only 10 leisure players under 2000 "]
[Site "SchemingMind.com"]
[Date "2018.06.18"]
[Round "-"]
[White "Wojtek26"]
[Black "Iucounu"]
[Result "1-0"]
[WhiteCountry "POL"]
[BlackCountry "ENG"]
[WhiteElo "1644"]
[WhiteRD "61"]
[BlackElo "1552"]
[BlackRD "78"]
[GameID "429458"]

1. d4 Nf6 2. e3 d5 3. c4 c6 4. Nf3 Bf5 5. Be2 e6 6. O-O dxc4 7. Bxc4 Be7 8. h3 O-O 9. a3 Nbd7 10. Nbd2 h6
11. b4 Nb6 12. Bb3 Ne4 13. Nxe4 Bxe4 14. Bb2 Bd5 15. Bxd5 cxd5 16. Ne5 Nd7 17. Nxd7 Qxd7 18. Rc1 Rfc8 19. Qg4 Rxc1 20. Rxc1 Rc8
21. Rxc8+ Qxc8 22. Qe2= Qc4 23. Kf1 b5 24. Ke1 Qxe2+ 25. Kxe2 a6 26. Kd3 f5 27. f4 Kf7 28. Bc1 Bh4 29. Bd2 Kg6 30. Ke2 Kh5
31. Kf3 Bd8 32. Be1 Bh4 33. Bxh4 Kxh4 34. Kf2 g5 35. Kf3 g4+ 36. hxg4 fxg4+ 37. Kf2 g3+ 38. Kf3 h5 39. e4 dxe4+ 40. Kxe4 Kg4
41. Ke5 h4 42. f5= exf5 43. d5 h3 44. gxh3+ Kxh3 45. d6 g2 46. d7 g1=Q 47. d8=Q Qg6 48. Qd3+ Kh4 49. Qxf5 Qg3+ 50. Qf4+ Kh3
51. Qxg3+ Kxg3 52. Kd5 Kf3 53. Kc5 Ke4 54. Kb6 Kd4 55. Kxa6 Kc4 56. Kb6 Kb3 57. Kxb5 Kxa3 58. Ka5
1-0

[Event "only 10 leisure players under 2000 "]
[Site "SchemingMind.com"]
[Date "2018.06.19"]
[Round "-"]
[White "Iucounu"]
[Black "DiogoValente"]
[Result "0-1"]
[WhiteCountry "ENG"]
[BlackCountry "POR"]
[WhiteElo "1576"]
[WhiteRD "76"]
[BlackElo "1887"]
[BlackRD "130"]
[GameID "429461"]

1. d4 Nf6 2. c4 e6 3. Nc3 Bb4 4. e3 O-O 5. Bd2 d5 6. a3 Be7 7. Rc1 Nbd7 8. c5 e5 9. b4 Re8 10. dxe5 Nxe5
11. Nf3 Nxf3+ 12. Qxf3 c6 13. h3 d4 14. exd4 Bxc5+ 15. Be3 Bxd4 16. Nd1 Ne4 17. Bc4 Bxe3 18. Bxf7+ Kh8 19. Bxe8 Bxf2+ 20. Nxf2 Qd2+
21. Kf1 Qxc1+ 22. Qd1 Qf4 23. Qe2 Ng3+
0-1

[Event "only 10 leisure players under 2000 "]
[Site "SchemingMind.com"]
[Date "2018.06.19"]
[Round "-"]
[White "DiogoValente"]
[Black "Iucounu"]
[Result "1-0"]
[WhiteCountry "POR"]
[BlackCountry "ENG"]
[WhiteElo "1887"]
[WhiteRD "130"]
[BlackElo "1576"]
[BlackRD "76"]
[GameID "429462"]

1. d4 Nf6 2. c4 e6 3. Nf3 Bb4+ 4. Bd2 Qe7 5. g3 O-O 6. Bg2 c6 7. c5 Bxd2+ 8. Nbxd2 d6 9. cxd6 Qxd6 10. e4 Qc7
11. e5 Nd5 12. O-O b6 13. Ne4 Bb7 14. Nd6 Nd7 15. Ng5 f6 16. Nxe6
1-0